[Event "SLO-ch (Women)"]
[Site "?"]
[Date "1992.??.??"]
[Round "?"]
[White "Vospernik, Mira"]
[Black "Grosar, Kiti"]
[Result "0-1"]
[WhiteElo "2125"]
[BlackElo "2125"]

1.e4 c5 2.c3 Nf6 3.e5 Nd5 4.d4 cxd4 5.Nf3 e6 6.Qxd4 Nc6 7.Qe4 d6 8.Bb5 Bd7
9.c4 Nb6 10.O-O a6 11.Bxc6 Bxc6 12.Qg4 Bxf3 13.Qxf3 Nxc4 14.exd6 Nxd6 15.Bf4 Qb6
16.Nc3 Be7 17.Rad1 Nf5 18.Qe4 O-O 19.b3 Qb4 20.Qxb4 Bxb4 21.Rd3 Rac8 22.Ne4 b5
23.g4 Ne7 24.a3 Bxa3 25.Ra1 Nd5 26.Bd2 b4 27.Nd6 Rcd8 28.Nc4 Nc7 29.Rg3 Rd5
30.Kf1 Rfd8 31.Ke2 f6 32.Be3 Nb5 33.Bb6 R8d7 34.Re1 Kf7 35.h4 Nc3+ 36.Rxc3 bxc3
37.Nxa3 Rd2+ 38.Kf1 Rb2 39.Nc4 Rxb3 40.Be3 Rc7 41.Nb6 c2 42.Rc1 Rcc3 43.Ke2 Rxe3+
44.fxe3 Rxb6 45.Rxc2 Kg6 46.Rc7 f5 47.h5+ Kh6 48.g5+ Kxg5 49.Rxg7+ Kh6 50.Re7 a5
51.Ra7 Rb5 52.Ra6 Re5 53.Kf3 Kxh5 54.e4 Rxe4 55.Rxa5 Kg5 56.Ra7 h5 57.Rg7+ Kf6
58.Rh7 h4 59.Rh5 Ra4 60.Kg2  0-1

[Event "SLO-ch (Women)"]
[Site "?"]
[Date "1992.??.??"]
[Round "?"]
[White "Cebela, A."]
[Black "Kosec, Tina"]
[Result "1/2-1/2"]
[WhiteElo "2000"]
[BlackElo "2000"]

1.e4 c5 2.c3 Nf6 3.e5 Nd5 4.d4 cxd4 5.cxd4 Nc6 6.Nf3 d6 7.Bc4 Nc7 8.O-O d5
9.Be2 Bg4 10.Bg5 Ne6 11.Be3 Qb6 12.b3 Ned8 13.Nbd2 e6 14.h3 Bh5 15.Rc1 Qa5
16.Ra1 Ba3 17.Re1 Rc8 18.Nf1 Nb4 19.Bd2 Ndc6 20.Bc1 Bxc1 21.Qxc1 O-O 22.Qd2 Qb6
23.N1h2 Bg6 24.Rec1 a5 25.Nf1 Be4 26.N1h2 h6 27.a3 Na6 28.Bd1 Nc7 29.Qe3 Nb5
30.Rc5 Ncxd4 31.Rxc8 Rxc8 32.Nxd4 Qxd4 33.Qxd4 Nxd4 34.f3 Bc2 35.b4 axb4
36.axb4 Bxd1 37.Rxd1 Nc6 38.Rc1 Rb8 39.f4 Nxb4 40.Rb1 Nd3 41.g3 b5 42.Nf3 b4
43.Nd4 Rb6 44.Kf1 Nc5 45.Ke2 Ne4 46.g4  1/2-1/2

[Event "Alekhine op"]
[Site "Smolensk"]
[Date "1992.??.??"]
[Round "1"]
[White "Yagupov, Igor"]
[Black "Furman, Boris"]
[Result "1-0"]
[WhiteElo "2400"]
[BlackElo "2230"]

1.e4 c5 2.c3 Nf6 3.e5 Nd5 4.d4 cxd4 5.Nf3 Nc6 6.cxd4 d6 7.Bc4 Nb6 8.Bb3 e6
9.Qe2 dxe5 10.dxe5 Nd4 11.Nxd4 Qxd4 12.O-O Be7 13.Rd1 Qh4 14.Nc3 Bd7 15.Be3 Bd8
16.Bc5 Be7 17.Be3 Bd8 18.Rd4 Qe7 19.Rg4 Kf8 20.Ne4 Qe8 21.Nd6 Qe7 22.Rxg7  1-0

[Event "Alekhine op"]
[Site "Smolensk"]
[Date "1992.??.??"]
[Round "3"]
[White "Karpatchev, Aleksandr"]
[Black "Kalegin, Evgenij"]
[Result "0-1"]
[WhiteElo "2410"]
[BlackElo "2370"]

1.e4 c5 2.c3 Nf6 3.e5 Nd5 4.Nf3 e6 5.Bc4 d6 6.d4 Nc6 7.Qe2 cxd4 8.cxd4 Be7
9.O-O O-O 10.Qe4 Re8 11.h4 g6 12.Re1 dxe5 13.dxe5 Na5 14.Bf1 Bd7 15.Bg5 Qb6
16.Bxe7 Rxe7 17.b3 Bc6 18.Nbd2 Qb4 19.Nc4 Nxc4 20.bxc4 Nb6 21.Qf4 Bxf3 22.Qxf3 Rc7
23.h5 Rac8 24.Rab1 Qe7 25.Red1 Qg5 26.hxg6 hxg6 27.Qa3 Nd7 28.g3 b6 29.f4 Qg4
30.Kg2 g5 31.Qf3 Qxf3+ 32.Kxf3 gxf4 33.gxf4 Kf8 34.Rb5 Nc5 35.f5 exf5 36.Kf4 Ne6+
37.Kxf5  0-1

[Event "Alekhine op"]
[Site "Smolensk"]
[Date "1992.??.??"]
[Round "9"]
[White "Berelovich, Aleksandar"]
[Black "Nevostrujev, Vladimir"]
[Result "1/2-1/2"]
[WhiteElo "2285"]
[BlackElo "2450"]

1.e4 c5 2.c3 Nf6 3.e5 Nd5 4.d4 cxd4 5.Nf3 e6 6.cxd4 d6 7.Nc3 Nxc3 8.bxc3 Qc7
9.Bd2 Nd7 10.exd6 Bxd6 11.Bd3 b6 12.Ng5 Nf6 13.Qf3 Bb7 14.Bb5+ Ke7 15.Qe2 h6
16.Nf3 Ne4 17.Rc1 Rac8 18.Bd3 Nxd2 19.Nxd2 Bxg2 20.Rg1 Bb7 21.Rxg7 Rcg8 22.Rg4 Ba3
23.Rc2 Qxh2 24.Be4 Rxg4 25.Qxg4 Ba6 26.Nf1 Qb8 27.Qh4+ Ke8 28.Qf6 Rg8 29.Bc6+ Kf8
30.Ng3 Rxg3 31.fxg3 Qxg3+ 32.Qf2 Qd3 33.Bg2 Be7 34.Bf1 Qe4+ 35.Kd1 Bh4 36.Bg2 Qd3+
37.Qd2 Qg6 38.Qe3 Bb5 39.Be4 Qg4+ 40.Bf3 Qg6 41.Rb2 Ba4+ 42.Ke2 Qg3 43.Kd3 Bg5
44.Qf2 Qh3 45.Qg2 Qf5+ 46.Be4 Qf4 47.Qg1  1/2-1/2

[Event "Stare Mesto op"]
[Site "Stare Mesto"]
[Date "1992.??.??"]
[Round "?"]
[White "Lipka, Juraj"]
[Black "Bagaturov, Giorgi"]
[Result "0-1"]
[WhiteElo "2310"]
[BlackElo "2435"]

1.e4 c5 2.c3 Nf6 3.e5 Nd5 4.d4 cxd4 5.Nf3 Nc6 6.Bc4 Nb6 7.Bb3 d6 8.exd6 Qxd6
9.Na3 a6 10.O-O e6 11.Nxd4 Nxd4 12.cxd4 Bd7 13.Re1 Be7 14.Qf3 Bc6 15.Qg4 O-O
16.Bh6 Bf6 17.Rad1 Rfe8 18.Bf4 Qe7 19.Be5 Rad8 20.Nc4 Nxc4 21.Bxc4 Bd5 22.Bxd5 Rxd5
23.Rc1 Red8 24.h3 R5d7 25.Rc3 g6 26.Qe4 Bg7 27.Rb3 Rd5 28.Rc1 Qg5 29.Re1 R8d7
30.Rc3 h5 31.h4 Qd2 32.Re2 Qd1+ 33.Kh2 Bxe5+ 34.dxe5 Rd4 35.Rc8+ Kh7 36.Qe3 Rxh4+  0-1

[Event "Rilton Cup"]
[Site "Stockholm"]
[Date "1992.??.??"]
[Round "6"]
[White "Markovic, Mil"]
[Black "Jonsson, Hans"]
[Result "1-0"]
[WhiteElo "2265"]
[BlackElo "2305"]

1.e4 c5 2.c3 Nf6 3.e5 Nd5 4.Nf3 e6 5.d4 cxd4 6.cxd4 d6 7.a3 Bd7 8.Bd3 Bc6
9.O-O Nd7 10.b4 a6 11.Re1 Be7 12.Qe2 h6 13.Bd2 Qc7 14.Ra2 Qb6 15.Rc2 Bb5
16.Bxb5 Qxb5 17.Qe4 N7b6 18.Qg4 g6 19.Rec1 Qd7 20.Qe4 Kf8 21.h4 Kg7 22.h5 g5
23.exd6 Bxd6 24.Ne5 Qe7 25.Nc3 Bxe5 26.Qxe5+ Qf6 27.Ne4 Qxe5 28.dxe5 Nd7
29.Nd6 b5 30.Re1 Rhd8 31.Bc1 Nxe5 32.Bb2 f6 33.Bxe5 fxe5 34.Nb7 Re8 35.Rxe5 Kf6
36.Re1 Rac8 37.Nc5 Nf4 38.Rd2 Rc6 39.g4 Re7 40.Rd8 Kf7 41.Red1 Nd5 42.Rh8 Kg7
43.Ra8 Kf6 44.Rd3 Nc7 45.Rh8 Kg7 46.Rdd8 e5 47.Rdg8+ Kf7 48.Rc8 Kg7 49.Ne4 Ne6
50.Rcg8+ Kf7 51.Rg6 Rc1+  1-0

[Event "FRA-ch"]
[Site "Strasbourg"]
[Date "1992.??.??"]
[Round "7"]
[White "Degraeve, Jean Marc"]
[Black "Koch, Jean Rene"]
[Result "0-1"]
[WhiteElo "2480"]
[BlackElo "2460"]

1.e4 c5 2.c3 Nf6 3.e5 Nd5 4.Nf3 e6 5.d4 cxd4 6.cxd4 b6 7.Nc3 Nxc3 8.bxc3 Qc7
9.Bd2 Bb7 10.Bd3 d6 11.O-O Nd7 12.Bf4 Be7 13.Re1 O-O 14.Re3 Bxf3 15.Qxf3 dxe5
16.dxe5 g6 17.Qg4 Qxc3 18.Rae1 Qb4 19.h4 Rfd8 20.h5 Nf8 21.Be4 Rac8 22.Bh6 Rd4
23.Qf4 Qd2 24.g3 Rc1 25.Rxc1 Qxc1+ 26.Kg2 b5 27.Qg4 b4 28.Bf4 a5 29.Re2 Qc7
30.Qf3 Rc4 31.Rd2 g5 32.Bd3 gxf4 33.Bxc4 Qxc4 34.gxf4 f5 35.exf6 Bxf6 36.Rd6 Qc5
37.Rc6 Qf5 38.Qg3+ Kf7 39.Rc7+ Be7  0-1

[Event "FRA-ch"]
[Site "Strasbourg"]
[Date "1992.??.??"]
[Round "11"]
[White "Bricard, Emmanuel"]
[Black "Koch, Jean Rene"]
[Result "1-0"]
[WhiteElo "2480"]
[BlackElo "2460"]

1.e4 c5 2.c3 Nf6 3.e5 Nd5 4.d4 cxd4 5.Qxd4 e6 6.Nf3 Nc6 7.Qe4 f5 8.Qe2 Qc7
9.g3 Nde7 10.Na3 Ng6 11.Nb5 Qb8 12.Bf4 a6 13.Nbd4 Nxd4 14.Nxd4 b5 15.Bg2 Bb7
16.O-O Bc5 17.Nb3 Bb6 18.Rfd1 Bxg2 19.Kxg2 Ra7 20.a4 bxa4 21.Rxa4 Bc7 22.Rb4 Qa8+
23.Kg1 a5 24.Rbd4 Nf8 25.Qd3 Bd8 26.Be3 a4 27.Nc5 Bb6 28.Rb4 Bd8 29.Qb5 Be7
30.Qb8+ Kf7 31.Qxa8 Rxa8 32.Rxa4 Rxa4 33.Nxa4 Ng6 34.f4 Rd8 35.Nc5 d6 36.Nb7 Rb8
37.Nxd6+ Bxd6 38.exd6  1-0

[Event "TaSY op"]
[Site "Tampere"]
[Date "1992.??.??"]
[Round "2"]
[White "Lehtivaara, Risto"]
[Black "Kiviaho, Allan"]
[Result "1-0"]
[WhiteElo "2305"]
[BlackElo "2240"]

1.e4 c5 2.c3 Nf6 3.e5 Nd5 4.d4 cxd4 5.Nf3 e6 6.cxd4 d6 7.Nc3 dxe5 8.Nxe5 Nxc3
9.bxc3 Be7 10.Bb5+ Nd7 11.Qf3 O-O 12.Bxd7 Bxd7 13.Qxb7 Ba4 14.O-O Be8 15.a4 Rc8
16.Qxa7 f6 17.Nf3 Bc6 18.Ba3 Rf7 19.Qa6 Bxf3 20.gxf3 Rxc3 21.Rac1 Rxc1 22.Rxc1 Qd5
23.Rc8+ Bd8 24.Qxe6 Qd7 25.Bc5  1-0

[Event "Tel Aviv-B"]
[Site "Tel Aviv"]
[Date "1992.??.??"]
[Round "2"]
[White "Afek, Yochanan"]
[Black "Gruenfeld, Yehuda"]
[Result "0-1"]
[WhiteElo "2340"]
[BlackElo "2510"]

1.e4 c5 2.c3 Nf6 3.e5 Nd5 4.d4 cxd4 5.cxd4 d6 6.Nf3 Nc6 7.Nc3 dxe5 8.dxe5 Nxc3
9.Qxd8+ Nxd8 10.bxc3 Bd7 11.Be3 g6 12.O-O-O Bg7 13.Bc4 Rc8 14.Bd5 Rxc3+ 15.Kb2 Rc8
16.Bxa7 Nc6 17.Bb6 Bg4 18.Bxc6+ bxc6 19.Bd4 c5 20.Bc3 O-O 21.Rhe1 Rc6 22.Re4 Rb8+
23.Ka1 Bf5 24.Re2 h6 25.Rb2 Ra8 26.Rdd2 Rca6 27.Rb5 Be6 28.Rxc5 Rxa2+ 29.Kb1 R2a4
30.Nd4 Ba2+ 31.Kc1 e6 32.Nc6 Bf8 33.Ra5 Bd5 34.Rxa4 Rxa4 35.Nb8 Rc4 36.Rd3 Be4
37.Rg3 Bc5 38.f4 Bg1 39.Nd7 Bxh2 40.Rh3 Bxf4+  0-1

[Event "Ticino op"]
[Site "Ticino"]
[Date "1992.??.??"]
[Round "4"]
[White "Rausis, Igors"]
[Black "Borgo, Giulio"]
[Result "0-1"]
[WhiteElo "2460"]
[BlackElo "2340"]

1.e4 c5 2.c3 Nf6 3.e5 Nd5 4.d4 cxd4 5.cxd4 Nc6 6.Nc3 Nxc3 7.bxc3 d6 8.e6 fxe6
9.Bd3 Qa5 10.Bd2 e5 11.Nf3 g6 12.O-O Bg7 13.Ng5 d5 14.c4 Qa3 15.Bc1 Qd6 16.cxd5 Nxd4
17.a4 Bf5 18.Ba3 Qxd5 19.Bb5+ Bd7 20.Bxd7+ Qxd7 21.Qb1 Qd5 22.Re1 O-O 23.Bxe7 Rfe8
24.Bb4 Rac8 25.Ra2 Rc4 26.Bd2 Rec8 27.h4 h6 28.Nh3 Nc2 29.Rd1 Qc6 30.Rb2 b6
31.Rb3 Rg4 32.g3 Rc4 33.a5 b5 34.a6 Qxa6 35.h5 Nd4 36.Re3 Qc6 37.hxg6 Nf3+
38.Rxf3 Qxf3 39.Re1 Qd5  0-1

[Event "Tilburg"]
[Site "Tilburg"]
[Date "1992.??.??"]
[Round "2"]
[White "Rozentalis, Eduardas"]
[Black "Gelfand, Boris"]
[Result "1-0"]
[WhiteElo "2590"]
[BlackElo "2685"]

1.e4 c5 2.c3 Nf6 3.e5 Nd5 4.g3 d6 5.exd6 e6 6.Bg2 Bxd6 7.Nf3 O-O 8.O-O Nc6
9.Na3 Bd7 10.Nc4 Bc7 11.d3 Rc8 12.a4 b6 13.Qe2 Qe7 14.Nh4 Nf4 15.Bxf4 Bxf4
16.Rae1 Rfd8 17.Be4 Bg5 18.Ng2 Bf6 19.f4 g6 20.g4 Bg7 21.Qf2 Qf6 22.Qg3 Na5
23.Nd6 Rb8 24.g5 Qe7 25.f5 Bc6 26.Nxf7 Qxf7 27.fxg6 Qe8 28.gxh7+ Kh8 29.g6 Rb7
30.h4 Rbd7 31.h5 Bxe4 32.Rxe4 Rxd3 33.Qg4 R3d6 34.Nf4 Nb3 35.Nxe6 Nd2 36.Ng5 Nxe4
37.Qxe4 R6d7 38.Qxe8+ Rxe8 39.Nf7+ Rxf7 40.Rxf7 Bh6 41.Rxa7 Bc1 42.b3 c4
43.bxc4 b5 44.Kg2 bxa4 45.Rxa4 Kg7 46.c5 Bg5 47.c6 Bf6 48.Ra7+ Kh6 49.c4 Re6
50.h8=Q+  1-0

[Event "Tilburg rapid"]
[Site "Tilburg"]
[Date "1992.??.??"]
[Round "3"]
[White "Rozentalis, Eduardas"]
[Black "Gelfand, Boris"]
[Result "1-0"]
[WhiteElo "2590"]
[BlackElo "2685"]

1.e4 c5 2.c3 Nf6 3.e5 Nd5 4.g3 d6 5.exd6 Qxd6 6.Bg2 Nc6 7.Ne2 Bf5 8.d4 cxd4
9.Nxd4 Nxd4 10.Qxd4 Qe6+ 11.Be3 Nxe3 12.fxe3 Qa6 13.Qd5 e6 14.Qxb7 Qxb7 15.Bxb7 Rb8
16.Bc6+ Kd8 17.b4 Kc7 18.Bf3 Be7 19.Nd2 Rhd8 20.e4 Bg6 21.Ke2 Bg5 22.Nb3 f5
23.e5 f4 24.Rhd1 fxg3 25.hxg3 Rxd1 26.Rxd1 Bc2 27.Rd6 Bxb3 28.axb3 Rb6 29.Rd4 Be7
30.Rc4+ Kd8 31.Bc6 h5 32.b5 a6 33.Rd4+ Kc8 34.c4 axb5 35.cxb5 Bd8 36.Rd6 g5
37.Rxe6 h4 38.gxh4 gxh4 39.Re8 Kc7 40.e6 Bf6 41.Kf3 Kd6 42.Kg4 h3 43.Kf5 h2
44.Kxf6 Rxc6 45.Rd8+ Kc7 46.Rd7+ Kb6 47.Rd1 Kxb5 48.Kf7 Rc2 49.e7 Rf2+ 50.Ke6 Re2+
51.Kd7 Rd2+ 52.Rxd2 h1=Q 53.e8=Q Qh7+ 54.Ke6+ Kb4 55.Qe7+  1-0

[Event "Tilburg rapid"]
[Site "Tilburg"]
[Date "1992.??.??"]
[Round "4"]
[White "Sveshnikov, Evgeny"]
[Black "Lputian, Smbat G"]
[Result "0-1"]
[WhiteElo "2525"]
[BlackElo "2585"]

1.e4 c5 2.c3 Nf6 3.e5 Nd5 4.Nf3 e6 5.Bc4 Nb6 6.Be2 Nc6 7.d4 cxd4 8.cxd4 d6
9.O-O dxe5 10.dxe5 Qc7 11.Nc3 Nxe5 12.Nb5 Nxf3+ 13.Bxf3 Qe5 14.a4 a6 15.Re1 Qb8
16.Qd4 axb5 17.Qxb6 bxa4 18.Rd1 Be7 19.Qb5+ Kf8 20.Rxa4 Rxa4 21.Qxa4 f6 22.Bf4 e5
23.Be3 g5 24.Qc4 Kg7 25.Bb6 Bf5 26.h4 Rc8 27.Qb5 gxh4 28.b4 h3 29.gxh3 Bxh3
30.Qd3 Kh8 31.Bd5 Bg4 32.f3 Bh5 33.Kh1 Bg6 34.Be4 Rg8 35.Qd7 Qf8 36.Be3 Bxe4
37.fxe4 Qf7 38.Qf5 Qb3 39.Re1 Qxb4 40.Rg1 Rxg1+ 41.Bxg1 Qc4 42.Kg2 b5 43.Kf3 Qc6
44.Qh5 Kg8 45.Be3 Qd7 46.Ke2 b4 47.Bh6 b3 48.Qf3 Qb5+ 49.Kf2 b2 50.Qg4+ Kf7
51.Qg7+ Ke8 52.Qg8+ Kd7 53.Qxh7 b1=Q 54.Qf5+ Kd6  0-1

[Event "Tilburg rapid15"]
[Site "Tilburg"]
[Date "1992.??.??"]
[Round "6"]
[White "Rozentalis, Eduardas"]
[Black "Gelfand, Boris"]
[Result "1/2-1/2"]
[WhiteElo "2590"]
[BlackElo "2685"]

1.e4 c5 2.c3 Nf6 3.e5 Nd5 4.g3 d6 5.exd6 e6 6.Bg2 Bxd6 7.Nf3 O-O 8.d3 Nc6
9.O-O Ne5 10.Na3 Bd7 11.Ng5 Bc6 12.Nc4 Nf6 13.Nxe5 Bxe5 14.Bxc6 bxc6 15.Qe2 Bd6
16.Ne4 Be7 17.Be3 Qd5 18.f3 Nd7 19.Rfd1 f5 20.Nd2 e5 21.Bf2 Bg5 22.Nc4 Rae8
23.Re1 Re7 24.Rad1 Rfe8 25.Be3 Bxe3+ 26.Qxe3 Nf6 27.Qg5 f4 28.Rf1 fxg3 29.hxg3 e4
30.Qxd5+ cxd5 31.Nd6 Rd8 32.Nf5 Red7 33.fxe4 dxe4 34.d4 cxd4 35.Rxd4 Rxd4
36.Nxd4 h5 37.Rf5 Re8 38.Kf2 Ng4+ 39.Ke2 g6 40.Ra5 Rf8 41.Rxa7 Rf2+ 42.Ke1 Rxb2
43.c4 Ne5 44.Re7 Nxc4 45.Rxe4 Rxa2 46.Nf3 Ra1+ 47.Ke2 Ra2+ 48.Kd3 Ra3+ 49.Ke2 Ra2+
50.Ke1 Ra1+ 51.Kf2 Ra2+ 52.Kg1 Nd2 53.Nxd2 Rxd2 54.Re7 Kf8 55.Ra7 Rd4  1/2-1/2

[Event "Morava-ch U20"]
[Site "Valtice"]
[Date "1992.??.??"]
[Round "4"]
[White "Majer, Jiri"]
[Black "Pecina, M."]
[Result "1-0"]
[WhiteElo "1870"]
[BlackElo "1700"]

1.e4 c5 2.c3 Nf6 3.e5 Nd5 4.d4 cxd4 5.Nf3 Nc6 6.Bc4 Nb6 7.Bb3 d5 8.exd6 Qxd6
9.cxd4 e6 10.O-O Be7 11.Nc3 O-O 12.Be3 Nb4 13.a3 N4d5 14.Bc2 Qd8 15.Qd3 g6
16.Bh6 Re8 17.Ne5 Nxc3 18.bxc3 Bf8 19.Bxf8 Rxf8 20.f4 Bd7 21.Rf3 Rc8 22.Rg3 Be8
23.Rf1 Nd5 24.c4 Ne7 25.Rh3 Nf5 26.Rd1 Qc7 27.g4 Ne7 28.Qg3 Nc6 29.Nf3 f6
30.Re1 Rd8 31.Rxe6 Nxd4 32.Nxd4 Rxd4 33.Qe3 Rd8 34.Re7 Qd6 35.Rhxh7  1-0

[Event "Viernheim"]
[Site "Viernheim"]
[Date "1992.??.??"]
[Round "6"]
[White "Sokolov, Andrei"]
[Black "Banas, Jan"]
[Result "1/2-1/2"]
[WhiteElo "2605"]
[BlackElo "2375"]

1.e4 c5 2.c3 Nf6 3.e5 Nd5 4.g3 d6 5.exd6 e6 6.Bg2 Bxd6 7.Nf3 Nc6 8.O-O O-O
9.Na3 b6 10.Nc4 Be7 11.d3 Bb7 12.a4 a6 13.Qb3 Rb8 14.Rd1 Qc7 15.Bg5 Ba8 16.Bxe7 Ndxe7
17.Ne3 Rfd8 18.d4 cxd4 19.cxd4 b5 20.Rac1 Qb6 21.axb5 axb5 22.Qc3 Rbc8 23.Qc5  1/2-1/2

[Event "Voskresensk"]
[Site "Voskresensk"]
[Date "1992.??.??"]
[Round "?"]
[White "Janovsky, Sergey"]
[Black "Timoshenko, Georgy"]
[Result "1/2-1/2"]
[WhiteElo "2435"]
[BlackElo "2495"]

1.e4 c5 2.c3 Nf6 3.e5 Nd5 4.d4 cxd4 5.Nf3 Nc6 6.Bc4 Nb6 7.Bb3 d5 8.exd6 Qxd6
9.O-O Be6 10.Na3 dxc3 11.Qe2 Bxb3 12.Nb5 Qb8 13.axb3 e5 14.Nfd4 g6 15.Nxc6 bxc6
16.Nxa7 Qc7 17.Be3 Bd6 18.Nb5 cxb5 19.Bxb6 Qc6 20.Rxa8+ Qxa8 21.Qxb5+ Ke7
22.bxc3 Rc8 23.c4 Qc6 24.Qxc6 Rxc6 25.Be3 Ke6 26.Ra1 e4 27.Kf1 h5 28.g3 h4
29.Ke2 h3 30.Ra5 Bb4 31.Rb5 Bc3 32.Rb6 Rxb6 33.Bxb6 f5 34.Bd8 Bb4 35.Bg5 Ke5
36.Bd2 Bxd2 37.Kxd2 Kd4 38.Ke2 g5 39.f3 exf3+ 40.Kxf3 Kc5 41.Ke3 Kc6 42.b4 Kb6
43.g4 f4+ 44.Kd4 Kc6 45.c5 Kb5 46.Kd3 Kc6 47.Kc4 Kb7 48.b5 Kc8 49.Kd4 Kc7
50.Ke4 Kb7 51.Kf3 Kc7 52.Kf2 Kc8 53.Kg1 Kb8 54.Kf1 Kc7 55.Ke1 Kb7 56.Ke2 Kc7
57.Kd1 Kb7 58.Kd2 Kc7 59.Kc1 Kb7 60.Kc2 Kc7 61.Kc3 Kb7 62.Kc4 Kc8 63.c6 Kc7
64.Kd3 Kb6 65.Kd4 Kc7 66.Kc5 f3 67.b6+ Kc8 68.Kd6 f2 69.b7+ Kb8 70.Kd7 f1=Q
71.c7+ Kxb7 72.c8=Q+ Kb6 73.Qd8+ Ka6 74.Qxg5 Qd3+ 75.Kc6 Qc2+ 76.Qc5  1/2-1/2

[Event "Werfen op"]
[Site "Werfen"]
[Date "1992.??.??"]
[Round "9"]
[White "Kranzl, Peter"]
[Black "Tratar, Marko"]
[Result "1/2-1/2"]
[WhiteElo "2300"]
[BlackElo "2315"]

1.e4 c5 2.c3 Nf6 3.e5 Nd5 4.d4 cxd4 5.Qxd4 e6 6.Nf3 Nc6 7.Qe4 d6 8.Nbd2 dxe5
9.Nxe5 Nxe5 10.Qxe5 Nf6 11.Be2 Qd5  1/2-1/2

[Event "Wisla BES op"]
[Site "Wisla"]
[Date "1992.??.??"]
[Round "1"]
[White "Swierczewski, Marek"]
[Black "Sorokin, Maxim"]
[Result "0-1"]
[WhiteElo "2260"]
[BlackElo "2570"]

1.e4 c5 2.c3 Nf6 3.e5 Nd5 4.d4 cxd4 5.cxd4 d6 6.Nf3 Nc6 7.Bc4 e6 8.O-O Be7
9.Qe2 dxe5 10.dxe5 Bd7 11.Nc3 Nxc3 12.bxc3 Qc7 13.Bf4 Na5 14.Bd3 Qxc3 15.Rfc1 Qa3
16.Bb5 Nc6 17.Nd2 O-O 18.Nc4 Qc5 19.Nd6 Qd4 20.Bg3 Bxd6 21.exd6 Rac8 22.Rab1 a6
23.Rd1 Qc5 24.Rdc1 Qa3 25.Bxc6 Rxc6 26.Rxc6 Bxc6 27.Rd1 Rc8 28.h3 Qa4 29.Rd2 Bd5
30.Qe3 Qc6 31.f3 b5 32.Kh2 f6 33.Qa7 Ra8 34.Qe7 Re8 35.Qc7 Qxc7 36.dxc7 Kf7
37.Bd6 Rc8 38.a4 bxa4 39.Rc2 Ke8 40.Rc3 Kd7 41.Bb4 Rxc7 42.Rxc7+ Kxc7 43.Kg1 Kd7
44.Kf2 g5 45.g3 e5 46.Ke3 f5 47.f4 exf4+ 48.gxf4 g4  0-1

[Event "Aachen op"]
[Site "Aachen"]
[Date "1993.??.??"]
[Round "4"]
[White "Huesmann, Thomas"]
[Black "Doering, Thomas"]
[Result "1/2-1/2"]
[WhiteElo "2225"]
[BlackElo "2245"]

1.e4 c5 2.c3 Nf6 3.e5 Nd5 4.d4 cxd4 5.Bc4 Qc7 6.Qe2 Nb6 7.Bd3 Nc6 8.Nf3 d5
9.exd6 Qxd6 10.h3 g6 11.O-O Bg7 12.Bb5 dxc3 13.Nxc3 O-O 14.Rd1 Qc7 15.Be3 Bxc3
16.bxc3 Bf5 17.Bxc6 Qxc6 18.Nd4 Qf6 19.Nxf5 Qxf5 20.Bxb6 axb6 21.Qxe7 Qc8  1/2-1/2

[Event "Alcobendas op"]
[Site "Alcobendas"]
[Date "1993.??.??"]
[Round "6"]
[White "Lozano, Luis Miguel"]
[Black "Ionov, Sergey"]
[Result "0-1"]
[WhiteElo "2495"]
[BlackElo "2495"]

1.e4 c5 2.c3 Nf6 3.e5 Nd5 4.d4 cxd4 5.Nf3 Nc6 6.Bc4 Nb6 7.Bb3 d5 8.exd6 Qxd6
9.O-O Be6 10.Na3 dxc3 11.Nb5 Qxd1 12.Rxd1 Rc8 13.Bxe6 fxe6 14.Nxc3 h6 15.Ne4 g6
16.Be3 Bg7 17.Bxb6 axb6 18.Rd2 Rf8 19.Rad1 Rf5 20.h3 Ra5 21.b3 Rd8 22.Rxd8+ Nxd8
23.Rd2 Nc6 24.Rc2 Kd7 25.Rd2+ Rd5 26.Kf1 Nb4 27.a4 Nc6 28.Ke2 Na5 29.Rxd5+ exd5
30.Ned2 Bf6 31.Nh2 Bc3 32.Nhf1 e5 33.f3 Kd6 34.Kd3 Bb4 35.Kc2 Kc5 36.Kd3 h5
37.g4 hxg4 38.hxg4 g5 39.Ke3 Bxd2+ 40.Nxd2 Kb4 41.f4 exf4+ 42.Kf2 Nxb3 43.Nf3 Nc5
44.Nxg5 Kxa4 45.Kf3 b5 46.Kxf4 b4 47.Nf3 b3 48.Nd2 Ne4  0-1

[Event "Alushta op"]
[Site "Alushta"]
[Date "1993.??.??"]
[Round "?"]
[White "Vorotnikov, Vladislav V"]
[Black "Gorbatow, Alexej"]
[Result "1/2-1/2"]
[WhiteElo "2450"]
[BlackElo "2385"]

1.e4 c5 2.c3 Nf6 3.e5 Nd5 4.d4 cxd4 5.Qxd4 e6 6.Nf3 Nc6 7.Qe4 d6 8.Nbd2 dxe5
9.Nxe5 Nxe5 10.Qxe5 Nf6 11.Nc4 Be7 12.Be2 O-O 13.O-O Nd5 14.Bf3 Bf6 15.Qe4 Qc7
16.Ne3 Be5 17.h3 Nf6 18.Qc4 Rb8 19.Rd1 b5 20.Qxc7 Bxc7 21.Nc2 Bb7 22.Bxb7 Rxb7
23.a4 bxa4 24.Rxa4 Bb6 25.Na3 Bc5 26.Kf1 Nd5 27.Nc4 Rfb8 28.Rd3 Kf8 29.b4 Be7
30.Bd2 Rc8 31.Ne3 Nb6 32.Ra5 f5 33.f4 g6 34.Ke2 Bf6 35.Kd1 Kf7 36.Kc2 Bd8  1/2-1/2

[Event "Antwerp op"]
[Site "Antwerp"]
[Date "1993.??.??"]
[Round "2"]
[White "Claesen, Pieter"]
[Black "Tukmakov, Vladimir B"]
[Result "0-1"]
[WhiteElo "2240"]
[BlackElo "2600"]

1.e4 c5 2.c3 Nf6 3.e5 Nd5 4.d4 cxd4 5.Nf3 e6 6.cxd4 b6 7.Nc3 Bb7 8.Bd3 d6
9.O-O Nxc3 10.bxc3 Nd7 11.Bf4 Qc7 12.Rc1 Be7 13.Re1 O-O 14.Bb1 Bxf3 15.Qxf3 dxe5
16.dxe5 g6 17.h4 Bxh4 18.Qh3 Bf6 19.Qh2 Bg7 20.g4 Rfd8 21.Re3 Rac8 22.Kg2 Nf8
23.Rh1 Rd2 24.Be4 Qc4 25.Bb7 Qxa2 26.Bxc8 Rxf2+ 27.Kg3 Rxh2 28.Rxh2 Qc4 29.Bb7 Qc7
30.Ba6 g5 31.Bxg5 Bxe5+  0-1

[Event "Athens op"]
[Site "Athens"]
[Date "1993.??.??"]
[Round "2"]
[White "Rausis, Igors"]
[Black "Amendola, Konstantinos"]
[Result "1-0"]
[WhiteElo "2575"]
[BlackElo "2210"]

1.e4 c5 2.c3 Nf6 3.e5 Nd5 4.d4 cxd4 5.cxd4 d6 6.Nf3 Nc6 7.Bc4 e6 8.O-O Be7
9.Qe2 O-O 10.Nc3 Nxc3 11.bxc3 d5 12.Bd3 Na5 13.h4 Bd7 14.g3 Rc8 15.Bd2 Nc4
16.Bf4 f5 17.exf6 gxf6 18.Rab1 b5 19.Rfe1 Rf7 20.Nh2 Qa5 21.Rb3 e5 22.Ng4 Rg7
23.Nh6+ Kh8 24.dxe5 fxe5 25.Bxe5 Nxe5 26.Qxe5 Rf8 27.Qxe7  1-0

[Event "AUT-ch"]
[Site "?"]
[Date "1993.??.??"]
[Round "4"]
[White "Klinger, Josef"]
[Black "Fauland, Alexander"]
[Result "1-0"]
[WhiteElo "2435"]
[BlackElo "2435"]

1.e4 c5 2.c3 Nf6 3.e5 Nd5 4.g3 Nc6 5.Bg2 Nb6 6.Nf3 d6 7.exd6 Qxd6 8.O-O Bg4
9.h3 Bh5 10.Na3 Qd3 11.Re1 e6 12.Ne5 Bxd1 13.Nxd3 Bh5 14.Ne5 Nd8 15.Nb5 Ke7
16.g4 Bg6 17.d4 cxd4 18.cxd4 a6 19.Nc7 Rc8 20.Bf4 Bc2 21.d5 f6 22.d6+ Kxd6
23.Nf7+ Kd7 24.Nxh8 e5 25.Be3 Kxc7 26.Rac1 Kb8 27.Bxb6 Bb4 28.Re2 Bd3 29.Rxc8+ Kxc8
30.Re3  1-0

[Event "AUT-ch"]
[Site "?"]
[Date "1993.??.??"]
[Round "13"]
[White "Lendwai, Reinhard"]
[Black "Stanec, Nikolaus"]
[Result "0-1"]
[WhiteElo "2425"]
[BlackElo "2440"]

1.e4 c5 2.c3 Nf6 3.e5 Nd5 4.d4 cxd4 5.Qxd4 e6 6.Nf3 Nc6 7.Qe4 f5 8.exf6 Nxf6
9.Qc2 d5 10.Bg5 e5 11.Bb5 Bd6 12.Nbd2 O-O 13.Nb3 a6 14.Be2 e4 15.Nfd4 Qe8
16.h3 Qg6 17.Be3 Qxg2 18.O-O-O Qg6 19.Rdg1 Qf7 20.Rg5 Kh8 21.Rhg1 Rg8 22.h4 Bd7
23.Qd1 Ne5 24.Nf5 Bxf5 25.Rxf5 Qd7 26.Nd4 Raf8 27.Rfg5 h6 28.R5g2 b5 29.Kb1 Rb8
30.Qd2 Kh7 31.Bg5 Rbf8 32.Qe3 Ne8 33.Bg4 Nxg4 34.Rxg4 hxg5 35.Qxg5 Qf7 36.h5 Rh8
37.Nf5 Qxf5 38.Qd8 e3+ 39.Kc1 exf2  0-1

[Event "AUT-chT"]
[Site "?"]
[Date "1993.??.??"]
[Round "?"]
[White "Blatny, Pavel"]
[Black "Plachetka, Jan"]
[Result "1-0"]
[WhiteElo "2505"]
[BlackElo "2455"]

1.e4 c5 2.c3 Nf6 3.e5 Nd5 4.d4 cxd4 5.Nf3 e6 6.cxd4 b6 7.Nc3 Nxc3 8.bxc3 Qc7
9.Bd2 d6 10.Bd3 Nd7 11.O-O dxe5 12.Re1 g6 13.Nxe5 Nxe5 14.Bf4 Bg7 15.Bxe5 Bxe5
16.Rxe5 O-O 17.Qd2 Bb7 18.h4 Rac8 19.Rc1 Rfd8 20.Qe3 Rd5 21.f4 Qe7 22.h5 Qh4
23.hxg6 hxg6 24.Rxd5 Bxd5 25.c4 Bb7 26.Bxg6 fxg6 27.Qxe6+ Kf8 28.Re1 Qd8
29.Qe5 Kf7 30.f5 Rc6 31.Re3 Rf6 32.Rh3 Kg8 33.fxg6 Qd6 34.Rh8+ Kg7 35.Rh7+ Kg8
36.Rxb7 Qxe5 37.dxe5 Rxg6 38.Rxa7 Rc6 39.Rb7  1-0

[Event "AUT-chT"]
[Site "?"]
[Date "1993.??.??"]
[Round "?"]
[White "Kranzl, Peter"]
[Black "Felsberger, Alfred"]
[Result "1/2-1/2"]
[WhiteElo "2310"]
[BlackElo "2350"]

1.e4 c5 2.c3 Nf6 3.e5 Nd5 4.d4 cxd4 5.Qxd4 e6 6.Nf3 Nc6 7.Qe4 f5 8.Qe2 Qc7
9.g3 Nde7 10.Na3 Ng6 11.Nc4 b5 12.Nd6+ Bxd6 13.exd6 Qxd6 14.Qxb5 Rb8 15.Qe2 Bb7
16.Bg2 O-O 17.O-O f4 18.Rd1 Qc7 19.b3 Nce7 20.Ba3 Rbd8 21.c4 Bc6 22.g4 Rfe8
23.h4 e5 24.h5 e4 25.Nd4 f3 26.Qe3 Ne5 27.Bh3 Qa5 28.Nc2 Nc8 29.Bb4 Qc7 30.Nd4 Nd3
31.Bc3 Nd6 32.h6 g6 33.Nxf3 exf3 34.Qxd3 Ne4 35.Bb2 d6 36.Qd4 Re5 37.Re1 Qe7
38.Qe3 Ng5 39.Bxe5 dxe5  1/2-1/2

[Event "AUT-chT"]
[Site "?"]
[Date "1993.??.??"]
[Round "?"]
[White "Kranzl, Peter"]
[Black "Schumi, Manfred"]
[Result "1/2-1/2"]
[WhiteElo "2310"]
[BlackElo "2270"]

1.e4 c5 2.c3 Nf6 3.e5 Nd5 4.d4 cxd4 5.Nf3 e6 6.cxd4 b6 7.Nc3 Nxc3 8.bxc3 Qc7
9.Bd2 d6 10.Bd3 Nd7 11.O-O dxe5 12.Nxe5 Nxe5 13.dxe5 Bb7 14.Qa4+ Bc6 15.Qf4 Qb7
16.f3 Bc5+ 17.Be3 Bxe3+ 18.Qxe3 O-O 19.Rfd1 Rac8 20.Be2 Rfd8  1/2-1/2

[Event "AUT-chT2S 9293"]
[Site "AUT"]
[Date "1993.??.??"]
[Round "?"]
[White "Mikac, Matjaz"]
[Black "Mencinger, Vojko"]
[Result "1-0"]
[WhiteElo "2390"]
[BlackElo "2360"]

1.e4 c5 2.c3 Nf6 3.e5 Nd5 4.d4 cxd4 5.Nf3 e6 6.cxd4 d6 7.Bc4 Qc7 8.Bxd5 exd5
9.O-O Be6 10.Nc3 Nc6 11.Bf4 dxe5 12.Nxe5 Nxe5 13.Bxe5 Qd7 14.Re1 f6 15.Bg3 Bb4
16.Rxe6+ Qxe6 17.Qa4+ Qc6 18.Qxb4 Kf7 19.Nb5 Rhd8 20.Nd6+ Kg8 21.Nxb7 Re8
22.Nc5 Re2 23.Qc3 Rae8 24.b3 Qc8 25.h4 Qf5 26.a4 Qg4 27.a5 h5 28.Kh2 g5 29.f3 Qf5
30.Ne4 gxh4 31.Bxh4 Rxg2+ 32.Kxg2 dxe4 33.Re1 Re7 34.fxe4 Rxe4 35.Rxe4 Qxe4+
36.Qf3 Qxh4 37.Qg3+ Qxg3+ 38.Kxg3 Kf7 39.b4 Ke6 40.b5 Kd6 41.b6 a6 42.Kh4  1-0